000 00260nam a2200109Ia 4500
008 190907s9999||||xx |||||||||||||| ||und||
100 _aCharles W. L. Hill
245 0 _aGlobal Business
260 _aNew york
_bPrentice Hall
_c2003
300 _a530
942 _cBK
999 _c6389
_d6389